| 000 | 00611nam a2200181 a 4500 | ||
|---|---|---|---|
| 008 | 120416s1984 ||||||||||||||||| || u | ||
| 020 | _a1850911622 | ||
| 050 | _aHD 59 Gre | ||
| 100 | _aGreene, Melvyn | ||
| 245 | 1 | 0 | _aImproving results from business entertaining |
| 246 | _ahow to get what you want over lunch | ||
| 260 |
_aLondon _bKogan Page _c1984 |
||
| 300 | _a107p. | ||
| 350 | _a0.00 | ||
| 650 | 0 | _aBUSINESS | |
| 650 | _aBUSINESS ENTERTAINING | ||
| 995 |
_D0.00 _FCBU-MAIN LIBRARY (Kitwe) _H1 _I5.45 _M1 _UAVAILABLE _ZAnnex Low-Usage Collection |
||
| 999 |
_c46512 _d46512 |
||